Dấu ấn văn hóa Nam Bộ trong truyện ngắn của Lê Văn Thảo : Luận văn Thạc sĩ. Chuyên ngành Văn học Việt Nam

Nhận dạng và làm rõ những biểu hiện của văn hóa Nam Bộ trong truyện ngắn của Lê Văn Thảo qua các phương diện về nội dung và phương thức thể hiện.

Kaydedildi:
Detaylı Bibliyografya
Yazar: Nguyễn, Thị Cẩm Nhung
Materyal Türü: Kitap
Dil:Undetermined
Baskı/Yayın Bilgisi: Cần Thơ Trường Đại học Cần Thơ 2018
Konular:
Etiketler: Etiketle
Etiket eklenmemiş, İlk siz ekleyin!
Thư viện lưu trữ: Trung tâm Học liệu Trường Đại học Cần Thơ
LEADER 01096nam a2200217Ia 4500
001 CTU_227522
008 210402s9999 xx 000 0 und d
082 |a 895.9223009 
082 |b Nh513 
100 |a Nguyễn, Thị Cẩm Nhung 
245 0 |a Dấu ấn văn hóa Nam Bộ trong truyện ngắn của Lê Văn Thảo : 
245 0 |b Luận văn Thạc sĩ. Chuyên ngành Văn học Việt Nam 
245 0 |c Nguyễn Thị Cẩm Nhung ; Nguyễn Lâm Điền (Cán bộ hướng dẫn) 
260 |a Cần Thơ 
260 |b Trường Đại học Cần Thơ 
260 |c 2018 
520 |a Nhận dạng và làm rõ những biểu hiện của văn hóa Nam Bộ trong truyện ngắn của Lê Văn Thảo qua các phương diện về nội dung và phương thức thể hiện. 
650 |a Vietnamese literature,Văn học Việt Nam 
650 |x History and criticism,Lịch sử và phê bình 
910 |b nthai 
980 |a Trung tâm Học liệu Trường Đại học Cần Thơ